[Event "Bremen-ch op"]
[Site "Bremen"]
[Date "2010.04.01"]
[Round "7"]
[White "Kaufmann, Benjamin"]
[Black "Fleck, Ronald"]
[Result "1/2-1/2"]
[WhiteElo "1953"]
[BlackElo "1925"]
[PlyCount "44"]
[EventDate "2010.03.27"]
[EventType "swiss"]
[EventRounds "9"]
[EventCountry "GER"]
[SourceTitle "EXT 2022"]
[Source "ChessBase"]
[SourceDate "2021.10.06"]
[SourceVersion "1"]
[SourceVersionDate "2021.10.06"]
[SourceQuality "1"]

1. d4 e6 2. Nf3 Nf6 3. Bf4 d6 4. c4 Be7 5. Nc3 0-0 6. e4 Nc6 7. d5 e5 8. Be3 Nb8 9. Be2 Nbd7 10. Nd2 c5 11. 0-0 a6 12. a3 Ne8 13. b4 Bg5 14. Bxg5 Qxg5 15. Nb3 b6 16. bxc5 Nxc5 17. Rb1 f5 18. Nxc5 bxc5 19. Rb6 f4 20. Kh1 Rf6 21. Rg1 Rh6 22. g4 Qh4 1/2-1/2

[Event "Bremen-ch op"]
[Site "Bremen"]
[Date "2010.03.28"]
[Round "2"]
[White "Kaufmann, Benjamin"]
[Black "Margraf, Daniel"]
[Result "0-1"]
[WhiteElo "1953"]
[BlackElo "2229"]
[PlyCount "70"]
[EventDate "2010.03.27"]
[EventType "swiss"]
[EventRounds "9"]
[EventCountry "GER"]
[SourceTitle "EXT 2022"]
[Source "ChessBase"]
[SourceDate "2021.10.06"]
[SourceVersion "1"]
[SourceVersionDate "2021.10.06"]
[SourceQuality "1"]

1. d4 c5 2. Nf3 cxd4 3. Nxd4 Nc6 4. g3 g6 5. Bg2 Bg7 6. c3 Nf6 7. 0-0 0-0 8. e4 d6 9. h3 Bd7 10. Be3 Rc8 11. Nd2 a6 12. g4 b5 13. Kh2 Ne5 14. g5 Nh5 15. Qe2 Nc4 16. Nxc4 Rxc4 17. Bf3 Be5+ 18. Kg2 Nf4+ 19. Bxf4 Bxf4 20. h4 Qc8 21. Rfd1 b4 22. cxb4 e5 23. Nb3 Rc2 24. Qd3 Bb5 25. Qxd6 Be2 26. Qd7 Bxd1 27. Rxd1 Qxd7 28. Rxd7 Be3 29. Rd6 Ra8 30. Nc5 Rxf2+ 31. Kg3 Bxc5 32. bxc5 Rxb2 33. Bg4 Rxa2 34. c6 Rc2 35. Bd7 a5 0-1

[Event "GER-ch U18"]
[Site "Willingen"]
[Date "2006.06.06"]
[Round "6"]
[White "Rafiee, Makan"]
[Black "Kaufmann, Benjamin"]
[Result "1/2-1/2"]
[WhiteElo "2044"]
[BlackElo "1940"]
[PlyCount "70"]
[EventDate "2006.06.03"]
[EventType "swiss"]
[EventRounds "9"]
[EventCountry "GER"]
[SourceTitle "EXT 2007"]
[Source "ChessBase"]
[SourceDate "2006.11.23"]
[SourceVersion "1"]
[SourceVersionDate "2006.11.23"]
[SourceQuality "1"]

1. e4 e5 2. Nf3 Nc6 3. Bc4 Bc5 4. 0-0 Nf6 5. d4 Bxd4 6. Nxd4 Nxd4 7. f4 d6 8. fxe5 dxe5 9. Bg5 Be6 10. Na3 Qe7 11. c3 Bxc4 12. Nxc4 Nc6 13. b4 Qe6 14. Qd3 Nd7 15. Ne3 f6 16. Nd5 Rc8 17. Bd2 0-0 18. Ne3 Rfd8 19. Nf5 Ne7 20. Qg3 Nxf5 21. Rxf5 Nf8 22. Be3 Rd3 23. Raf1 Ng6 24. h4 Rcd8 25. h5 Nf4 26. Qf2 g6 27. hxg6 hxg6 28. Rxf4 exf4 29. Qxf4 Rd1 30. Qxc7 Rxf1+ 31. Kxf1 Qd7 32. Qxd7 Rxd7 33. Bxa7 Rd2 34. a4 Ra2 35. a5 Kf7 1/2-1/2

[Event "GER-ch U18"]
[Site "Willingen"]
[Date "2006.06.03"]
[Round "1"]
[White "Kaufmann, Benjamin"]
[Black "Siebarth, Raiko"]
[Result "1/2-1/2"]
[WhiteElo "1940"]
[BlackElo "2185"]
[PlyCount "154"]
[EventDate "2006.06.03"]
[EventType "swiss"]
[EventRounds "9"]
[EventCountry "GER"]
[SourceTitle "EXT 2007"]
[Source "ChessBase"]
[SourceDate "2006.11.23"]
[SourceVersion "1"]
[SourceVersionDate "2006.11.23"]
[SourceQuality "1"]

1. d4 c5 2. c3 Nf6 3. Nf3 e6 4. Bg5 h6 5. Bh4 Nc6 6. e3 d5 7. Nbd2 g5 8. Bg3 Nh5 9. Ne5 Nxg3 10. Nxc6 bxc6 11. hxg3 Rb8 12. Qc2 Qb6 13. Rb1 cxd4 14. cxd4 Ba6 15. Bd3 Bxd3 16. Qxd3 c5 17. dxc5 Qxc5 18. 0-0 Bg7 19. Nb3 Qb5 20. Qxb5+ Rxb5 21. Nd4 Bxd4 22. exd4 Kd7 23. b3 Rb4 24. Rfd1 Rc8 25. Rb2 a5 26. Kf1 Rc3 27. Rdd2 Kd6 28. Ke2 f6 29. Rd3 Rxd3 30. Kxd3 e5 31. dxe5+ fxe5 32. a3 Rb5 33. f3 Ke6 34. Kc3 Rb6 35. Kd3 Kf5 36. Ke3 h5 37. Kd3 g4 38. Ke3 Rc6 39. Rd2 Rc3+ 40. Rd3 Rc2 41. Rd2 d4+ 42. Ke2 Rc6 43. Rd3 Rg6 44. Kf2 h4 45. gxh4 g3+ 46. Ke2 Rh6 47. Rd2 Rxh4 48. Kd3 Rh1 49. b4 axb4 50. axb4 Rb1 51. Kc4 Kf4 52. Re2 Rc1+ 53. Kd3 Rc3+ 54. Kd2 Rb3 55. Re4+ Kf5 56. Kc2 Rxb4 57. Rg4 Rb5 58. Rxg3 Kf4 59. Rg4+ Ke3 60. Re4+ Kf2 61. f4 exf4 62. Rxf4+ Ke3 63. Rf3+ Ke2 64. Rf8 d3+ 65. Kc3 Re5 66. Rd8 Re7 67. Rxd3 Rc7+ 68. Kd4 Rd7+ 69. Ke5 Kxd3 70. g4 Ra7 71. g5 Ra5+ 72. Kf6 Ke4 73. g6 Ra6+ 74. Kf7 Kf5 75. g7 Ra7+ 76. Kg8 Kf6 77. Kh8 Rxg7 1/2-1/2

[Event "Lippe Cup 01st"]
[Site "Lieme"]
[Date "2004.10.23"]
[Round "2"]
[White "Kaufmann, Benjamin"]
[Black "Cinar, Kasim"]
[Result "1-0"]
[WhiteElo "1730"]
[BlackElo "1702"]
[PlyCount "25"]
[EventDate "2004.10.22"]
[EventType "swiss"]
[EventRounds "5"]
[EventCountry "GER"]
[SourceTitle "EXT 2012"]
[Source "ChessBase"]
[SourceDate "2011.11.24"]
[SourceVersion "1"]
[SourceVersionDate "2011.11.24"]
[SourceQuality "1"]

1. d4 f5 2. Nf3 Nf6 3. Bg5 e6 4. Nbd2 h6 5. Bxf6 Qxf6 6. e4 fxe4 7. Nxe4 Qf7 8. Ne5 Qf5 9. Bd3 Bb4+ 10. c3 Qf8 11. Qh5+ g6 12. Nxg6 Qf7 13. Nxh8 1-0

[Event "Lippe Cup 01st"]
[Site "Lieme"]
[Date "2004.10.23"]
[Round "3"]
[White "Schaffarczyk, Andre"]
[Black "Kaufmann, Benjamin"]
[Result "1-0"]
[WhiteElo "2144"]
[BlackElo "1730"]
[PlyCount "63"]
[EventDate "2004.10.22"]
[EventType "swiss"]
[EventRounds "5"]
[EventCountry "GER"]
[SourceTitle "EXT 2012"]
[Source "ChessBase"]
[SourceDate "2011.11.24"]
[SourceVersion "1"]
[SourceVersionDate "2011.11.24"]
[SourceQuality "1"]

1. e4 e5 2. Nf3 Nc6 3. d4 exd4 4. Nxd4 Bc5 5. Nf5 Qf6 6. Nc3 Nge7 7. Ne3 Bb6 8. g3 Nd4 9. Bg2 Nec6 10. Ncd5 Qd8 11. 0-0 0-0 12. c3 Ne6 13. f4 Re8 14. Kh1 d6 15. Qc2 Ne7 16. Nxe7+ Qxe7 17. Nd5 Qd8 18. f5 Nc5 19. f6 Be6 20. fxg7 Bxd5 21. exd5 Nd7 22. Bh6 Ne5 23. Be4 Ng6 24. Rxf7 Kxf7 25. Rf1+ Qf6 26. Rxf6+ Kxf6 27. Qc1 Kf7 28. Qf1+ Kg8 29. Bf5 Rad8 30. Be6+ Rxe6 31. dxe6 Ne5 32. Qf8+ 1-0

[Event "GER-ch U16"]
[Site "Willingen"]
[Date "2004.06.01"]
[Round "6"]
[White "Kaufmann, Benjamin"]
[Black "Strache, Michael"]
[Result "1/2-1/2"]
[WhiteElo "1750"]
[BlackElo "2031"]
[PlyCount "80"]
[EventDate "2004.06.??"]
[EventType "swiss"]
[EventRounds "9"]
[EventCountry "GER"]
[SourceTitle "EXT 2005"]
[Source "ChessBase"]
[SourceDate "2004.11.15"]
[SourceVersion "1"]
[SourceVersionDate "2004.11.15"]
[SourceQuality "1"]

1. d4 f5 2. Nf3 Nf6 3. Bg5 g6 4. Bxf6 exf6 5. Nbd2 Nc6 6. e4 fxe4 7. Nxe4 f5 8. Ned2 Bg7 9. c3 0-0 10. Be2 d6 11. 0-0 g5 12. Nb3 Qf6 13. Re1 Bd7 14. Qc2 g4 15. Nfd2 Qh4 16. Nf1 Rf6 17. Bd3 Raf8 18. Nbd2 Rh6 19. Qb3+ Kh8 20. Qxb7 f4 21. Qxc7 Nb8 22. g3 Qh3 23. gxf4 Qxd3 24. Qxa7 Rhf6 25. Re4 Bc6 26. Re3 Qg6 27. Rae1 Rxf4 28. R1e2 Qf5 29. Ng3 Qg5 30. Nde4 Qg6 31. Qc7 d5 32. Nc5 R4f7 33. Re7 Rxe7 34. Rxe7 Qf6 35. Nd3 Bb5 36. Nh5 Qf3 37. Rxg7 Qd1+ 38. Kg2 Qf3+ 39. Kg1 Qd1+ 40. Kg2 Qf3+ 1/2-1/2

[Event "GER-ch U16"]
[Site "Willingen"]
[Date "2004.06.01"]
[Round "5"]
[White "Lutz, Dieter"]
[Black "Kaufmann, Benjamin"]
[Result "1-0"]
[WhiteElo "2153"]
[BlackElo "1750"]
[PlyCount "85"]
[EventDate "2004.06.??"]
[EventType "swiss"]
[EventRounds "9"]
[EventCountry "GER"]
[SourceTitle "EXT 2005"]
[Source "ChessBase"]
[SourceDate "2004.11.15"]
[SourceVersion "1"]
[SourceVersionDate "2004.11.15"]
[SourceQuality "1"]

1. e4 e5 2. Nf3 Nc6 3. Bb5 Nf6 4. 0-0 d6 5. Re1 Bd7 6. c3 Be7 7. h3 0-0 8. d4 h6 9. Nbd2 Nxd4 10. cxd4 Bxb5 11. dxe5 dxe5 12. Nxe5 Bd6 13. Nef3 Be7 14. Qb3 Bc6 15. Ne5 Qe8 16. Nxc6 Qxc6 17. Qc4 Qxc4 18. Nxc4 Bb4 19. Bd2 Bxd2 20. Nxd2 Rad8 21. Nf1 Rd4 22. f3 Rfd8 23. Rac1 c6 24. Ne3 Kf8 25. Red1 Rxd1+ 26. Rxd1 Rxd1+ 27. Nxd1 Nd7 28. Kf2 Ke7 29. Ke3 Ke6 30. f4 c5 31. Nc3 a6 32. Nd5 Kd6 33. Nc3 Ke6 34. e5 Nb6 35. Ke4 g6 36. g4 Nc4 37. f5+ Kd7 38. b3 Nb6 39. Nd5 Nxd5 40. Kxd5 b6 41. fxg6 fxg6 42. e6+ Ke7 43. Kc6 1-0

[Event "GER-ch U16"]
[Site "Willingen"]
[Date "2004.05.30"]
[Round "2"]
[White "Kaufmann, Benjamin"]
[Black "Nuber, Korbinian"]
[Result "1/2-1/2"]
[WhiteElo "1750"]
[BlackElo "2004"]
[PlyCount "49"]
[EventDate "2004.06.??"]
[EventType "swiss"]
[EventRounds "9"]
[EventCountry "GER"]
[SourceTitle "EXT 2005"]
[Source "ChessBase"]
[SourceDate "2004.11.15"]
[SourceVersion "1"]
[SourceVersionDate "2004.11.15"]
[SourceQuality "1"]

1. d4 Nf6 2. Nf3 g6 3. b4 Bg7 4. Bb2 d6 5. e3 0-0 6. Be2 c5 7. bxc5 dxc5 8. c4 Qb6 9. Qb3 Qxb3 10. axb3 Nc6 11. 0-0 Rd8 12. Rd1 Bf5 13. Na3 Ne4 14. Nb5 cxd4 15. Nbxd4 Nxd4 16. Bxd4 Nc3 17. Bxc3 Rxd1+ 18. Rxd1 Bxc3 19. Nd4 Bxd4 20. Rxd4 e5 21. Rd5 f6 22. Bf3 e4 23. Be2 Be6 24. Rd4 f5 25. Kf1 1/2-1/2

[Event "GER-ch U16"]
[Site "Willingen"]
[Date "2003.06.10"]
[Round "5"]
[White "Kaufmann, Benjamin"]
[Black "Zollondz, Mark"]
[Result "0-1"]
[WhiteElo "1675"]
[BlackElo "1819"]
[PlyCount "68"]
[EventDate "2003.06.08"]
[EventType "swiss"]
[EventRounds "9"]
[EventCountry "GER"]
[SourceTitle "CBM 094 Extra"]
[Source "ChessBase"]
[SourceDate "2003.07.09"]
[SourceVersion "2"]
[SourceVersionDate "2003.07.09"]
[SourceQuality "1"]

1. d4 Nf6 2. Nf3 g6 3. Bf4 Bg7 4. e3 d5 5. h3 0-0 6. Nbd2 c5 7. c3 Nbd7 8. Be2 b6 9. 0-0 Bb7 10. Ne5 Nxe5 11. Bxe5 e6 12. a4 Qe7 13. a5 Bc6 14. Qb3 Nd7 15. Bxg7 Kxg7 16. Nf3 f6 17. Rfd1 Rfd8 18. Ra2 e5 19. dxe5 fxe5 20. Bb5 c4 21. Qa4 Nc5 22. Qb4 bxa5 23. Qxa5 Nb3 24. Qa4 Nc5 25. Qa5 Bxb5 26. Qxb5 Nd3 27. Qa5 Qf7 28. Rf1 Rf8 29. Qa6 Qe7 30. Ne1 Nc1 31. Ra5 Ne2+ 32. Kh2 e4 33. Rxd5 Qh4 34. g3 Rxf2+ 0-1